Statistics for 愛媛県の観光スポットクイズ

Click here to take the quiz!

General Stats

  • This quiz has been taken 16 times
  • The average score is 3 of 15

Answer Stats

HintAnswer% Correct
「日本書記」にも登場する日本最古といわれる愛媛県松山市内にある温泉は何?道後温泉
100%
標高1,982mの山で、西日本最高峰。国定公園にも指定されているこの山は何?石鎚山
79%
松山市内の繁華街、銀天街ともう1つは何?大街道
43%
大洲市が運営している長浜とその沖合にある島を結ぶフェリーは?あおしま
21%
東洋のマチュピチュとして知られる別子銅山の地区は何地区?東平
14%
0系新幹線やフリーゲージ新幹線が展示されているのはなんという施設?四国鉄道文化館
14%
砥部町の仙波渓谷の仙波ヶ嶽は、対立する継子嶽とともに、鉄石英片岩、紅簾片岩を母岩としてそびえ立つ、天然渓谷美の景勝地です。
ではこの継子嶽の読み方は?
ままこだけ
14%
四国最西端の佐田岬では使わなくなった布を細かく引き裂き織り込んで、再度新しい布を作るという伝統工芸が発達しています。この名称は?裂織
14%
瀬戸内しまなみ海道(西瀬戸自動車道)の起点、西瀬戸尾道ICで接続している高速道路の名前は?尾道福山自動車道
7%
エサと釣り道具持込で1日自由に釣りを楽しめる外釣りが楽しめる八幡浜市にある市営のおさかな牧場の名前は?シーロード八幡浜
7%
広田の豊富な緑に囲まれ、清々しい空気が満ち溢れる公園。
全長約100mもあるローラーすべり台は子供に大人気の遊具で、曲がったり回ったりとスリル満点の造りになっている。この公園どこ?
神の森公園
7%
国道494号線沿いに広がる公園。ダム湖上に架かる吊り橋は、景観を保持するために鉄塔などを用いず造られている。この公園はどこ?面河ダム公園
7%
久万高原町にあるカルスト地形で、標高約1000~1400mのこの場所では、手を伸ばせば空に浮かぶ雲をつかめそうなほど
空を近く感じることができるこの場所の名前は?
姫鶴平
7%
風車の仕組みを学んで体感できることで有名な伊方町にある施設は?二見くるりん風の丘パーク
0%
伯方港を見下ろす高台にある伯方ふるさと歴史公園に最も近い道の駅は?伯方S・Cパーク マリンオアシスはかた
0%

Score Distribution

Percentile by Number Answered

Percent of People with Each Score

Your Score History

You have not taken this quiz